000 00376nam a2200145Ia 4500
008 231129s1974||||xx |||||||||||||| ||spa||
020 _a84-02-03818-2
040 _bspa
082 _a873.01 P497a
100 _aPetronio Cayo
245 0 _aEl satiricon
260 _c1974
264 _aBarcelona EspaƱa : Bruguera
942 _2ddc
_cBKS
999 _c12372
_d12372